00940nam a2200217 i 4500001001100000003000500011005001700016008004100033040002500074245002100099264007800120336002100198337002500219338002300244500024500267700001100512700002900523942001300552999001900565952013800584C2-0341803PPAK20180729001424.0170614s1998 my |||| ||||| | kor d aPPAKbengcPPAKerda10aWhite night 3.98 1aKuala Lumpur : bPMP Entertainment (M) Sdn. Bhd. [Distributor] , c[1998] 2rdacontentatext 2rdamediaaunmediated 2rdacarrieravolume aSummaries : In the civil war between North and South Korea, the tension within was high, especially when a mission was hooked with national secrets. A black box, hence, because the key to the struggle. Success, would never come so easily. H eauthor1 aKim, Jong-hak, ecompile 2ddccVCD c167951d167951 00102ddc4070aPPAKbPPAKcGd2017-08-29g0.00l1o791.4572 KANpA00731456r2020-10-11 00:00:00s2020-10-05v10.00w2018-07-05yVCD